Creación de una metodología para la gestión logística de los procesos administración de inventarios y gestión de compras del Hotel de Montaña
Gespeichert in:
| 1. Verfasser: | |
|---|---|
| Weitere Verfasser: | , , |
| Format: | Buch |
| Sprache: | Spanish |
| Veröffentlicht: |
[San José, Costa Rica]
2015
|
| Schlagworte: | |
| Tags: |
Tag hinzufügen
Keine Tags, Fügen Sie den ersten Tag hinzu!
|
MARC
| LEADER | 00000nam a22000007a 4500 | ||
|---|---|---|---|
| 003 | 012141 | ||
| 005 | 20230828092128.0 | ||
| 008 | 150421b2015 cr a|||| |||| 00| ||spa d | ||
| 040 | |c cru CEDI | ||
| 090 | |a TFG 7306 | ||
| 100 | |9 742 |a Morales Cruz, Andrés | ||
| 245 | |a Creación de una metodología para la gestión logística de los procesos administración de inventarios y gestión de compras del Hotel de Montaña | ||
| 260 | |a [San José, Costa Rica] |c 2015 | ||
| 300 | |a 206 hojas : ilustraciones (principalmente a color) | ||
| 500 | |a Proyecto de graduación (licenciatura en ingeniería industrial)--Universidad de Costa Rica. Facultad de Ingeniería. Escuela de Ingeniería Industrial | ||
| 501 | |a Director de Proyecto de Graduación: M. M.Sc. Ing. José Roig Zamora | ||
| 650 | |x INGENIERIA INDUSTRIAL |x LOGISTICA EN LOS NEGOCIOS |x GESTION DE COMPRAS - METODOLOGIA |x INVENTARIOS - ADMINISTRACION - METODOLOGIA |x ADMINISTRACION HOTELERA - ZONA NORTE (COSTA RICA) |9 745 | ||
| 700 | |9 1229 |a Rockbrand Campos, Randy Manuel, 1989- | ||
| 700 | |9 1230 |a Villalobos Camacho, Sergio, 1988- | ||
| 700 | |9 311 |a Roig Zamora, José Francisco, 1978- |d Director del TFG | ||
| 942 | |c CEDI | ||
| 999 | |c 13828 |d 13828 | ||
